[Event "Stay Safe Play From Home 309"]
[Site "Emanuel Lasker Arena"]
[Date "2020.07.16"]
[Round "2"]
[White "Buzaglo"]
[Black "Sfantul321"]
[Result "1-0"]
[WhiteElo "1780"]
[BlackElo "2023"]
[Annotator "NA RC"]
[PlyCount "197"]
[EventDate "2020.07.16"]
[EventType "swiss (blitz)"]

1. d4 {[%emt 0:00:01]} g6 {[%emt 0:00:01]} 2. Nf3 {[%emt 0:00:01]} Bg7 {[%emt 0:00:00]} 3. g3 {[%emt 0:00:00]} d6 {[%emt 0:00:00]} 4. Bg2 {[%emt 0:00:01]} Nf6 {[%emt 0:00:00]} 5. O-O {[%emt 0:00:00]} O-O {[%emt 0:00:00]} 6. c4 {[%emt 0:00:01]} Nc6 {[%emt 0:00:02]} 7. d5 {[%emt 0:00:01]} Nb8 {[%emt 0:00:02]} 8. Nc3 {[%emt 0:00:01]} Bg4 {[%emt 0:00:01]} 9. h3 {[%emt 0:00:01]} Bxf3 {[%emt 0:00:01]} 10. Bxf3 {[%emt 0:00:00]} e5 {[%emt 0:00:01]} 11. dxe6 {[%emt 0:00:01]} Nc6 {[%emt 0:00:01]} 12. exf7+ {[%emt 0:00:02]} Rxf7 {[%emt 0:00:02]} 13. Nd5 {[%emt 0:00:03]} Rf8 {[%emt 0:00:02]} 14. Bg5 {[%emt 0:00:03]} Ne7 {[%emt 0:00:02]} 15. Nxe7+ {[%emt 0:00:03]} Qxe7 {[%emt 0:00:01]} 16. Bxb7 {[%emt 0:00:01]} Rab8 {[%emt 0:00:01]} 17. Bd5+ {[%emt 0:00:03]} Kh8 {[%emt 0:00:00]} 18. Rb1 {[%emt 0:00:05]} Qe5 {[%emt 0:00:01]} 19. Bf4 {[%emt 0:00:03]} Qh5 {[%emt 0:00:04]} 20. Bg2 {[%emt 0:00:03]} Qc5 {[%emt 0:00:04]} 21. b3 {[%emt 0:00:03]} Rfe8 {[%emt 0:00:04]} 22. Be3 {[%emt 0:00:01]} Qa3 {[%emt 0:00:02]} 23. Qc2 {[%emt 0:00:09]} Nd7 {[%emt 0:00:04]} 24. Rfd1 {[%emt 0:00:02]} Ne5 {[%emt 0:00:02]} 25. Bd4 {[%emt 0:00:02]} Qa5 {[%emt 0:00:04]} 26. Bc3 {[%emt 0:00:03]} Qb6 {[%emt 0:00:04]} 27. e4 {[%emt 0:00:10]} Rf8 {[%emt 0:00:05]} 28. Rf1 {[%emt 0:00:02]} a5 {[%emt 0:00:04]} 29. Kh2 {[%emt 0:00:02]} Nf3+ {[%emt 0:00:02]} 30. Bxf3 {[%emt 0:00:01]} Rxf3 {[%emt 0:00:01]} 31. Bxg7+ {[%emt 0:00:01]} Kxg7 {[%emt 0:00:00]} 32. Qe2 {[%emt 0:00:02]} Rbf8 {[%emt 0:00:01]} 33. Rb2 {[%emt 0:00:00]} Qd4 {[%emt 0:00:04]} 34. Rd2 {[%emt 0:00:03]} Qb6 {[%emt 0:00:02]} 35. e5 {[%emt 0:00:01]} dxe5 {[%emt 0:00:03]} 36. Qxe5+ {[%emt 0:00:01]} Kh6 {[%emt 0:00:00]} 37. Kg2 {[%emt 0:00:04]} a4 {[%emt 0:00:03]} 38. Qd4 {[%emt 0:00:05]} Qc6 {[%emt 0:00:02]} 39. Qh4+ {[%emt 0:00:01]} Kg7 {[%emt 0:00:01]} 40. Qd4+ {[%emt 0:00:02]} R3f6+ {[%emt 0:00:02]} 41. f3 {[%emt 0:00:02]} axb3 {[%emt 0:00:01]} 42. axb3 {[%emt 0:00:01]} Qb7 {[%emt 0:00:01]} 43. Re2 {[%emt 0:00:04]} R8f7 {[%emt 0:00:04]} 44. Rff2 {[%emt 0:00:04]} Qxb3 {[%emt 0:00:02]} 45. Qe4 {[%emt 0:00:02]} Kh6 {[%emt 0:00:05]} 46. Qh4+ {[%emt 0:00:02]} Kg7 {[%emt 0:00:01]} 47. Qd4 {[%emt 0:00:01]} Kg8 {[%emt 0:00:02]} 48. Re8+ {[%emt 0:00:03]} Kg7 {[%emt 0:00:01]} 49. h4 {[%emt 0:00:03]} Kh6 {[%emt 0:00:03]} 50. Qd2+ {[%emt 0:00:02]} Kg7 {[%emt 0:00:02]} 51. Qd4 {[%emt 0:00:00]} Qa4 {[%emt 0:00:05]} 52. Rd8 {[%emt 0:00:03]} Qc6 {[%emt 0:00:02]} 53. Qc3 {[%emt 0:00:04]} Kh6 {[%emt 0:00:02]} 54. Qe3+ {[%emt 0:00:02]} Kg7 {[%emt 0:00:01]} 55. Qc3 {[%emt 0:00:00]} Kh6 {[%emt 0:00:01]} 56. Qe3+ {[%emt 0:00:02]} Kg7 {[%emt 0:00:01]} 57. Rd3 {[%emt 0:00:02]} Qxc4 {[%emt 0:00:02]} 58. Rc3 {[%emt 0:00:01]} Qe6 {[%emt 0:00:04]} 59. Qc5 {[%emt 0:00:03]} Qd6 {[%emt 0:00:02]} 60. Qc4 {[%emt 0:00:02]} Re7 {[%emt 0:00:03]} 61. h5 {[%emt 0:00:01]} gxh5 {[%emt 0:00:02]} 62. Qh4 {[%emt 0:00:03]} Rg6 {[%emt 0:00:02]} 63. g4 {[%emt 0:00:10]} hxg4 {[%emt 0:00:02]} 64. fxg4 {[%emt 0:00:01]} Re4 {[%emt 0:00:03]} 65. Rg3 {[%emt 0:00:03]} Qd5 {[%emt 0:00:02]} 66. Kh3 {[%emt 0:00:01]} Qd1 {[%emt 0:00:05]} 67. Rfg2 {[%emt 0:00:01]} Qh1+ {[%emt 0:00:02]} 68. Rh2 {[%emt 0:00:00]} Qf1+ {[%emt 0:00:01]} 69. Rhg2 {[%emt 0:00:01]} Re2 {[%emt 0:00:03]} 70. g5 {[%emt 0:00:04]} Qf5+ {[%emt 0:00:04]} 71. Kh2 {[%emt 0:00:03]} Re1 {[%emt 0:00:01]} 72. Qd4+ {[%emt 0:00:02]} Qe5 {[%emt 0:00:07]} 73. Qd7+ {[%emt 0:00:02]} Qe7 {[%emt 0:00:03]} 74. Qg4 {[%emt 0:00:00]} Re4 {[%emt 0:00:02]} 75. Qf3 {[%emt 0:00:01]} Qe5 {[%emt 0:00:02]} 76. Qf2 {[%emt 0:00:02]} Rh4+ {[%emt 0:00:01]} 77. Kg1 {[%emt 0:00:00]} Re6 {[%emt 0:00:03]} 78. Qf1 {[%emt 0:00:00]} Qe1 {[%emt 0:00:02]} 79. Qxe1 {[%emt 0:00:01]} Rxe1+ {[%emt 0:00:01]} 80. Kf2 {[%emt 0:00:00]} Rc1 {[%emt 0:00:00]} 81. g6 {[%emt 0:00:00]} hxg6 {[%emt 0:00:01]} 82. Re3 {[%emt 0:00:00]} Kf7 {[%emt 0:00:00]} 83. Kf3 {[%emt 0:00:00]} Rh5 {[%emt 0:00:01]} 84. Rg4 {[%emt 0:00:00]} Rf5+ {[%emt 0:00:01]} 85. Rf4 {[%emt 0:00:00]} Rxf4+ {[%emt 0:00:00]} 86. Kxf4 {[%emt 0:00:00]} Rf1+ {[%emt 0:00:00]} 87. Ke4 {[%emt 0:00:00]} Rf5 {[%emt 0:00:02]} 88. Kd3 {[%emt 0:00:00]} c5 {[%emt 0:00:01]} 89. Kc4 {[%emt 0:00:01]} Kf6 {[%emt 0:00:00]} 90. Rd3 {[%emt 0:00:01]} Kg5 {[%emt 0:00:01]} 91. Rg3+ {[%emt 0:00:01]} Kh5 {[%emt 0:00:01]} 92. Rd3 {[%emt 0:00:00]} Kg4 {[%emt 0:00:01]} 93. Rd1 {[%emt 0:00:01]} Rf4+ {[%emt 0:00:01]} 94. Kxc5 {[%emt 0:00:01]} g5 {[%emt 0:00:00]} 95. Rg1+ {[%emt 0:00:01]} Kf5 {[%emt 0:00:00]} 96. Rd1 {[%emt 0:00:00]} g4 {[%emt 0:00:00]} 97. Rd5+ {[%emt 0:00:01]} Ke4 {[%emt 0:00:00]} 98. Rd6 {[%emt 0:00:00]} Kf3 {[%emt 0:00:00]} 99. Kc6 {[%emt 0:00:00] Time (Lag: Av=0.43s, max=1.1s)} 1-0

[Event "Stay Safe Play From Home 309"]
[Site "Emanuel Lasker Arena"]
[Date "2020.07.16"]
[Round "2"]
[White "Roefe Detlef"]
[Black "DM1969"]
[Result "0-1"]
[WhiteElo "1753"]
[BlackElo "1973"]
[Annotator "NA RC"]
[PlyCount "100"]
[EventDate "2020.07.16"]
[EventType "swiss (blitz)"]

1. e4 {[%emt 0:00:01]} e6 {[%emt 0:00:01]} 2. Nf3 {[%emt 0:00:00]} d5 {[%emt 0:00:01]} 3. exd5 {[%emt 0:00:02]} exd5 {[%emt 0:00:01]} 4. d4 {[%emt 0:00:01]} Bd6 {[%emt 0:00:02]} 5. Bd3 {[%emt 0:00:01]} Ne7 {[%emt 0:00:01]} 6. O-O {[%emt 0:00:01]} f6 {[%emt 0:00:01]} 7. Nbd2 {[%emt 0:00:04]} O-O {[%emt 0:00:01]} 8. Re1 {[%emt 0:00:01]} c5 {[%emt 0:00:02]} 9. h3 {[%emt 0:00:05]} c4 {[%emt 0:00:03]} 10. Bf1 {[%emt 0:00:02]} Nbc6 {[%emt 0:00:01]} 11. c3 {[%emt 0:00:01]} Bf5 {[%emt 0:00:02]} 12. g4 {[%emt 0:00:04]} Bg6 {[%emt 0:00:01]} 13. Bg2 {[%emt 0:00:02]} Qc7 {[%emt 0:00:03]} 14. Nf1 {[%emt 0:00:02]} Rfd8 {[%emt 0:00:04]} 15. Be3 {[%emt 0:00:01]} b5 {[%emt 0:00:03]} 16. Qd2 {[%emt 0:00:02]} a6 {[%emt 0:00:01]} 17. Nh4 {[%emt 0:00:07]} Bf7 {[%emt 0:00:02]} 18. f4 {[%emt 0:00:05]} b4 {[%emt 0:00:04]} 19. Nf3 {[%emt 0:00:09]} Rab8 {[%emt 0:00:02]} 20. Rab1 {[%emt 0:00:11]} a5 {[%emt 0:00:02]} 21. Ng3 {[%emt 0:00:02]} Bg6 {[%emt 0:00:08]} 22. Rbc1 {[%emt 0:00:07]} Bd3 {[%emt 0:00:05]} 23. g5 {[%emt 0:00:05]} fxg5 {[%emt 0:00:08]} 24. Nxg5 {[%emt 0:00:02]} h6 {[%emt 0:00:02]} 25. Ne6 {[%emt 0:00:02]} Rf8 {[%emt 0:00:02]} 26. Nxc7 {[%emt 0:00:02]} Bxc7 {[%emt 0:00:01]} 27. Ne2 {[%emt 0:00:18]} Rbe8 {[%emt 0:00:07]} 28. Kh1 {[%emt 0:00:02]} Nf5 {[%emt 0:00:04]} 29. Bf2 {[%emt 0:00:03]} Be4 {[%emt 0:00:12]} 30. Bxe4 {[%emt 0:00:05]} dxe4 {[%emt 0:00:02]} 31. Bg1 {[%emt 0:00:09]} Nh4 {[%emt 0:00:07]} 32. Rf1 {[%emt 0:00:06]} Nf3 {[%emt 0:00:06]} 33. Rxf3 {[%emt 0:00:03]} exf3 {[%emt 0:00:01]} 34. Re1 {[%emt 0:00:08]} fxe2 {[%emt 0:00:03]} 35. Rxe2 {[%emt 0:00:01]} Rd8 {[%emt 0:00:02]} 36. d5 {[%emt 0:00:02]} Nb8 {[%emt 0:00:03]} 37. Bd4 {[%emt 0:00:03]} Bxf4 {[%emt 0:00:02]} 38. Qe1 {[%emt 0:00:02]} Nd7 {[%emt 0:00:02]} 39. Qh4 {[%emt 0:00:03]} Bg5 {[%emt 0:00:02]} 40. Qg4 {[%emt 0:00:04]} bxc3 {[%emt 0:00:06]} 41. bxc3 {[%emt 0:00:03]} a4 {[%emt 0:00:01]} 42. Kg2 {[%emt 0:00:01]} a3 {[%emt 0:00:02]} 43. h4 {[%emt 0:00:02]} Bf6 {[%emt 0:00:02]} 44. Qe6+ {[%emt 0:00:04]} Kh8 {[%emt 0:00:03]} 45. d6 {[%emt 0:00:03]} Bxd4 {[%emt 0:00:02]} 46. cxd4 {[%emt 0:00:01]} Nf6 {[%emt 0:00:01]} 47. Qxc4 {[%emt 0:00:05]} Rxd6 {[%emt 0:00:02]} 48. Re7 {[%emt 0:00:03]} Rfd8 {[%emt 0:00:01]} 49. Qf7 {[%emt 0:00:02]} Rg8 {[%emt 0:00:03]} 50. Qg6 {[%emt 0:00:02]} Rxd4 {[%emt 0:00:03] Zeit (Lag: Av=0.72s, max=1.1s)} 0-1

[Event "Stay Safe Play From Home 309"]
[Site "Emanuel Lasker Arena"]
[Date "2020.07.16"]
[Round "2"]
[White "Timbre"]
[Black "AChessPlayer"]
[Result "1/2-1/2"]
[WhiteElo "1539"]
[BlackElo "2258"]
[Annotator "TA"]
[PlyCount "31"]
[EventDate "2020.07.16"]
[EventType "swiss (blitz)"]

{[%evp 9,31,1,8,22,23,20,10,15,25,-2,-9,-8,27,0,0,-7,158,166,165,131,133,133,112,112]} 1. d4 b6 2. Nf3 Bb7 3. c3 e6 4. Bf4 Be7 5. e3 f5 {[#]} 6. Be2 $146 {A40: Unusual replies to 1 d4.} ({Predecessor:} 6. Nbd2 a5 7. Rc1 Nf6 8. Be2 O-O 9. O-O Ne8 10. h3 g5 11. Bh2 Rf7 12. Ne5 {½-½ (48) Silva,J (1896)-De Oliveira,F (1709) Florianopolis 2015}) 6... Nf6 7. Nbd2 O-O 8. O-O {The position is equal.} Nh5 9. Bg3 Nxg3 10. hxg3 Rf6 11. Qc2 Rh6 12. e4 Bg5 $2 {[#]} ({Black should try} 12... Qe8 $11 13. Nh2 fxe4) 13. exf5 $16 Bxd2 14. Qxd2 exf5 15. Qf4 Rf6 16. Rfe1 {Accuracy: White = 76%, Black = 64%.} 1/2-1/2

[Event "Stay Safe Play From Home 309"]
[Site "Emanuel Lasker Arena"]
[Date "2020.07.16"]
[Round "3"]
[White "Greblha"]
[Black "Haris kollari 13"]
[Result "1-0"]
[WhiteElo "1997"]
[BlackElo "1952"]
[Annotator "NA RC"]
[PlyCount "71"]
[EventDate "2020.07.16"]
[EventType "swiss (blitz)"]

1. e4 {[%emt 0:00:01]} e6 {[%emt 0:00:01]} 2. Qe2 {[%emt 0:00:03]} Nf6 {[%emt 0:00:02]} 3. e5 {[%emt 0:00:02]} Nd5 {[%emt 0:00:01]} 4. d4 {[%emt 0:00:02]} Nc6 {[%emt 0:00:02]} 5. Nf3 {[%emt 0:00:04]} Be7 {[%emt 0:00:02]} 6. c4 {[%emt 0:00:04]} Nb6 {[%emt 0:00:02]} 7. Nc3 {[%emt 0:00:06]} d6 {[%emt 0:00:01]} 8. exd6 {[%emt 0:00:14]} cxd6 {[%emt 0:00:01]} 9. Bf4 {[%emt 0:00:09]} O-O {[%emt 0:00:03]} 10. g3 {[%emt 0:00:03]} Re8 {[%emt 0:00:01]} 11. Bg2 {[%emt 0:00:01]} Bf6 {[%emt 0:00:07]} 12. Qd2 {[%emt 0:00:12]} Nxc4 {[%emt 0:00:02]} 13. Qd3 {[%emt 0:00:14]} d5 {[%emt 0:00:13]} 14. b3 {[%emt 0:00:05]} Nb4 {[%emt 0:00:07]} 15. Qe2 {[%emt 0:00:07]} Nd6 {[%emt 0:00:08]} 16. O-O {[%emt 0:00:03]} Nf5 {[%emt 0:00:05]} 17. Rfd1 {[%emt 0:00:10]} a6 {[%emt 0:00:02]} 18. Ne5 {[%emt 0:00:05]} Nc6 {[%emt 0:00:09]} 19. Na4 {[%emt 0:00:09]} Ncxd4 {[%emt 0:00:08]} 20. Qd2 {[%emt 0:00:12]} Nc6 {[%emt 0:00:02]} 21. Nxc6 {[%emt 0:00:05]} bxc6 {[%emt 0:00:03]} 22. Rac1 {[%emt 0:00:02]} e5 {[%emt 0:00:08]} 23. Be3 {[%emt 0:00:08]} d4 {[%emt 0:00:10]} 24. Qb2 {[%emt 0:00:06]} Bd7 {[%emt 0:00:13]} 25. Bd2 {[%emt 0:00:02]} Rc8 {[%emt 0:00:06]} 26. Bb4 {[%emt 0:00:02]} Be7 {[%emt 0:00:11]} 27. Nc5 {[%emt 0:00:01]} Nd6 {[%emt 0:00:13]} 28. a4 {[%emt 0:00:04]} Rb8 {[%emt 0:00:22]} 29. Nxa6 {[%emt 0:00:02]} Rb6 {[%emt 0:00:03]} 30. Bxd6 {[%emt 0:00:01]} Bxd6 {[%emt 0:00:05]} 31. Bf1 {[%emt 0:00:01]} Qa8 {[%emt 0:00:02]} 32. Qe2 {[%emt 0:00:01]} c5 {[%emt 0:00:02]} 33. Nxc5 {[%emt 0:00:01]} Bxc5 {[%emt 0:00:01]} 34. Rxc5 {[%emt 0:00:01]} Rxb3 {[%emt 0:00:01]} 35. Rxe5 {[%emt 0:00:01]} Be6 {[%emt 0:00:01]} 36. Rd3 {[%emt 0:00:02] Time (Lag: Av=0.41s, max=1.0s)} 1-0

[Event "Stay Safe Play From Home 309"]
[Site "Emanuel Lasker Arena"]
[Date "2020.07.16"]
[Round "3"]
[White "Sfantul321"]
[Black "Timbre"]
[Result "1-0"]
[WhiteElo "1996"]
[BlackElo "1555"]
[Annotator "NA RC"]
[PlyCount "71"]
[EventDate "2020.07.16"]
[EventType "swiss (blitz)"]

1. c4 {[%emt 0:00:01]} c6 {[%emt 0:00:19]} 2. Nc3 {[%emt 0:00:01]} d5 {[%emt 0:00:01]} 3. cxd5 {[%emt 0:00:00]} cxd5 {[%emt 0:00:01]} 4. d4 {[%emt 0:00:00]} Nc6 {[%emt 0:00:02]} 5. Nf3 {[%emt 0:00:01]} a6 {[%emt 0:00:01]} 6. e3 {[%emt 0:00:01]} Nf6 {[%emt 0:00:01]} 7. h3 {[%emt 0:00:01]} e6 {[%emt 0:00:03]} 8. Bd3 {[%emt 0:00:01]} Bd6 {[%emt 0:00:01]} 9. a3 {[%emt 0:00:01]} Qe7 {[%emt 0:00:01]} 10. O-O {[%emt 0:00:02]} e5 {[%emt 0:00:01]} 11. dxe5 {[%emt 0:00:01]} Nxe5 {[%emt 0:00:02]} 12. Nd4 {[%emt 0:00:01]} Nxd3 {[%emt 0:00:03]} 13. Qxd3 {[%emt 0:00:01]} Qe5 {[%emt 0:00:01]} 14. Nf3 {[%emt 0:00:02]} Qh5 {[%emt 0:00:08]} 15. e4 {[%emt 0:00:15]} Bb8 {[%emt 0:00:19]} 16. exd5 {[%emt 0:00:03]} O-O {[%emt 0:00:04]} 17. Nd4 {[%emt 0:00:05]} Qe5 {[%emt 0:00:10]} 18. f4 {[%emt 0:00:01]} Qh5 {[%emt 0:00:08]} 19. Qf3 {[%emt 0:00:04]} Qg6 {[%emt 0:00:04]} 20. Be3 {[%emt 0:00:02]} Bf5 {[%emt 0:00:07]} 21. Nxf5 {[%emt 0:00:03]} Qxf5 {[%emt 0:00:03]} 22. Rad1 {[%emt 0:00:01]} Ba7 {[%emt 0:00:06]} 23. Bxa7 {[%emt 0:00:03]} Rxa7 {[%emt 0:00:01]} 24. d6 {[%emt 0:00:00]} Raa8 {[%emt 0:00:02]} 25. Qxb7 {[%emt 0:00:03]} Rad8 {[%emt 0:00:06]} 26. Qxa6 {[%emt 0:00:02]} Qc5+ {[%emt 0:00:07]} 27. Kh1 {[%emt 0:00:01]} Nh5 {[%emt 0:00:02]} 28. Kh2 {[%emt 0:00:01]} g6 {[%emt 0:00:04]} 29. Qd3 {[%emt 0:00:06]} Ng7 {[%emt 0:00:09]} 30. b4 {[%emt 0:00:01]} Qh5 {[%emt 0:00:02]} 31. Ne4 {[%emt 0:00:04]} Qh4 {[%emt 0:00:08]} 32. Qd4 {[%emt 0:00:02]} h5 {[%emt 0:00:20]} 33. g3 {[%emt 0:00:02]} Qxg3+ {[%emt 0:00:10]} 34. Kxg3 {[%emt 0:00:01]} Nf5+ {[%emt 0:00:02]} 35. Kh2 {[%emt 0:00:02]} Nxd4 {[%emt 0:00:01]} 36. Rxd4 {[%emt 0:00:01] Time ' (Lag: Av=0.39s, max=0.9s)} 1-0

[Event "Stay Safe Play From Home 309"]
[Site "Emanuel Lasker Arena"]
[Date "2020.07.16"]
[Round "3"]
[White "DM1969"]
[Black "Lazieri3"]
[Result "0-1"]
[WhiteElo "1981"]
[BlackElo "1951"]
[Annotator "NA RC"]
[PlyCount "94"]
[EventDate "2020.07.16"]
[EventType "swiss (blitz)"]

1. d4 {[%emt 0:00:01]} c6 {[%emt 0:00:00]} 2. Nf3 {[%emt 0:00:01]} d5 {[%emt 0:00:00]} 3. c4 {[%emt 0:00:01]} Nf6 {[%emt 0:00:01]} 4. Nc3 {[%emt 0:00:02]} Bf5 {[%emt 0:00:01]} 5. Ne5 {[%emt 0:00:03]} Nbd7 {[%emt 0:00:01]} 6. f4 {[%emt 0:00:04]} e6 {[%emt 0:00:01]} 7. e3 {[%emt 0:00:01]} Ne4 {[%emt 0:00:01]} 8. Bd3 {[%emt 0:00:04]} Nxc3 {[%emt 0:00:03]} 9. bxc3 {[%emt 0:00:01]} Bxd3 {[%emt 0:00:00]} 10. Qxd3 {[%emt 0:00:02]} Be7 {[%emt 0:00:07]} 11. O-O {[%emt 0:00:02]} O-O {[%emt 0:00:01]} 12. a4 {[%emt 0:00:03]} Nxe5 {[%emt 0:00:02]} 13. fxe5 {[%emt 0:00:02]} f6 {[%emt 0:00:01]} 14. exf6 {[%emt 0:00:05]} Rxf6 {[%emt 0:00:02]} 15. Rxf6 {[%emt 0:00:05]} Bxf6 {[%emt 0:00:00]} 16. Ba3 {[%emt 0:00:01]} Qa5 {[%emt 0:00:04]} 17. Bb4 {[%emt 0:00:06]} dxc4 {[%emt 0:00:05]} 18. Qxc4 {[%emt 0:00:07]} Qd5 {[%emt 0:00:03]} 19. Qe2 {[%emt 0:00:05]} Qe4 {[%emt 0:00:02]} 20. Rf1 {[%emt 0:00:03]} e5 {[%emt 0:00:03]} 21. a5 {[%emt 0:00:15]} exd4 {[%emt 0:00:04]} 22. cxd4 {[%emt 0:00:03]} Re8 {[%emt 0:00:01]} 23. Qc4+ {[%emt 0:00:07]} Kh8 {[%emt 0:00:02]} 24. Bd2 {[%emt 0:00:03]} h6 {[%emt 0:00:11]} 25. Rf4 {[%emt 0:00:03]} Qd5 {[%emt 0:00:08]} 26. Qb4 {[%emt 0:00:16]} Qd7 {[%emt 0:00:06]} 27. h3 {[%emt 0:00:06]} Be7 {[%emt 0:00:09]} 28. Qb2 {[%emt 0:00:03]} Bd6 {[%emt 0:00:01]} 29. Rf3 {[%emt 0:00:02]} Qe6 {[%emt 0:00:03]} 30. Qxb7 {[%emt 0:00:04]} c5 {[%emt 0:00:06]} 31. d5 {[%emt 0:00:03]} Qe5 {[%emt 0:00:07]} 32. Qd7 {[%emt 0:00:17]} c4 {[%emt 0:00:05]} 33. Rf5 {[%emt 0:00:07]} Qe7 {[%emt 0:00:15]} 34. Qc6 {[%emt 0:00:02]} Qc7 {[%emt 0:00:06]} 35. Qxe8+ {[%emt 0:00:06]} Kh7 {[%emt 0:00:01]} 36. Rf7 {[%emt 0:00:02]} Bh2+ {[%emt 0:00:07]} 37. Kf1 {[%emt 0:00:02]} Qg3 {[%emt 0:00:05]} 38. Qe4+ {[%emt 0:00:03]} Kg8 {[%emt 0:00:04]} 39. Qe6 {[%emt 0:00:01]} Kh7 {[%emt 0:00:02]} 40. Rf3 {[%emt 0:00:02]} Qg5 {[%emt 0:00:05]} 41. Bc3 {[%emt 0:00:02]} Bc7 {[%emt 0:00:09]} 42. Qe8 {[%emt 0:00:02]} Qg6 {[%emt 0:00:05]} 43. Rf7 {[%emt 0:00:02]} Qb1+ {[%emt 0:00:02]} 44. Be1 {[%emt 0:00:02]} Qd3+ {[%emt 0:00:02]} 45. Kg1 {[%emt 0:00:02]} Qxe3+ {[%emt 0:00:03]} 46. Qxe3 {[%emt 0:00:02]} Kg6 {[%emt 0:00:02]} 47. Qe6+ {[%emt 0:00:02]} Kh7 {[%emt 0:00:01] Time (Lag: Av=1.15s, max=1.9s)} 0-1

[Event "Stay Safe Play From Home 309"]
[Site "Emanuel Lasker Arena"]
[Date "2020.07.16"]
[Round "3"]
[White "Dukic"]
[Black "Roefe Detlef"]
[Result "1-0"]
[WhiteElo "1862"]
[BlackElo "1745"]
[Annotator "NA RC"]
[PlyCount "53"]
[EventDate "2020.07.16"]
[EventType "swiss (blitz)"]

1. d4 {[%emt 0:00:04]} Nf6 {[%emt 0:00:02]} 2. c4 {[%emt 0:00:00]} d5 {[%emt 0:00:01]} 3. Nc3 {[%emt 0:00:02]} dxc4 {[%emt 0:00:01]} 4. e4 {[%emt 0:00:02]} b6 {[%emt 0:00:01]} 5. Bxc4 {[%emt 0:00:02]} Bb7 {[%emt 0:00:01]} 6. Qd3 {[%emt 0:00:07]} e6 {[%emt 0:00:01]} 7. a3 {[%emt 0:00:04]} Be7 {[%emt 0:00:01]} 8. Nf3 {[%emt 0:00:01]} a6 {[%emt 0:00:03]} 9. O-O {[%emt 0:00:02]} O-O {[%emt 0:00:01]} 10. Rd1 {[%emt 0:00:02]} Re8 {[%emt 0:00:01]} 11. Bf4 {[%emt 0:00:02]} Nfd7 {[%emt 0:00:05]} 12. Rac1 {[%emt 0:00:03]} Nf8 {[%emt 0:00:05]} 13. Ba2 {[%emt 0:00:03]} Nbd7 {[%emt 0:00:06]} 14. g3 {[%emt 0:00:08]} c5 {[%emt 0:00:01]} 15. d5 {[%emt 0:00:02]} Ng6 {[%emt 0:00:13]} 16. dxe6 {[%emt 0:00:12]} Nf6 {[%emt 0:00:06]} 17. exf7+ {[%emt 0:00:02]} Kh8 {[%emt 0:00:04]} 18. fxe8=Q+ {[%emt 0:00:01]} Qxe8 {[%emt 0:00:04]} 19. Ng5 {[%emt 0:00:07]} h6 {[%emt 0:00:09]} 20. Nf7+ {[%emt 0:00:02]} Kh7 {[%emt 0:00:02]} 21. e5 {[%emt 0:00:01]} Nh5 {[%emt 0:00:09]} 22. Qf5 {[%emt 0:00:08]} Nhxf4 {[%emt 0:00:11]} 23. gxf4 {[%emt 0:00:01]} Bc8 {[%emt 0:00:01]} 24. Qe4 {[%emt 0:00:05]} Bh4 {[%emt 0:00:18]} 25. Qxa8 {[%emt 0:00:05]} Nxf4 {[%emt 0:00:13]} 26. Qe4+ {[%emt 0:00:06]} Ng6 {[%emt 0:00:02]} 27. Rd6 {[%emt 0:00:03] Roefe Detlef gibt auf (Lag: Av=0.30s, max=0.7s)} 1-0

[Event "Stay Safe Play From Home 309"]
[Site "Emanuel Lasker Arena"]
[Date "2020.07.16"]
[Round "3"]
[White "Oliverfab"]
[Black "Buzaglo"]
[Result "0-1"]
[WhiteElo "1815"]
[BlackElo "1807"]
[Annotator "NA RC"]
[PlyCount "106"]
[EventDate "2020.07.16"]
[EventType "swiss (blitz)"]
[WhiteTeam "SV Laatzen"]

{Fábregas, Oliver (1915)} 1. Nf3 {[%emt 0:00:02]} d5 {[%emt 0:00:02]} 2. g3 {[%emt 0:00:02]} Nf6 {[%emt 0:00:01]} 3. b3 {[%emt 0:00:02]} c6 {[%emt 0:00:01]} 4. Bb2 {[%emt 0:00:01]} e6 {[%emt 0:00:01]} 5. d3 {[%emt 0:00:01]} Be7 {[%emt 0:00:01]} 6. Nbd2 {[%emt 0:00:01]} O-O {[%emt 0:00:01]} 7. Bg2 {[%emt 0:00:01]} Nbd7 {[%emt 0:00:02]} 8. c4 {[%emt 0:00:01]} Nb6 {[%emt 0:00:03]} 9. O-O {[%emt 0:00:04]} c5 {[%emt 0:00:04]} 10. cxd5 {[%emt 0:00:07]} exd5 {[%emt 0:00:00]} 11. Ne5 {[%emt 0:00:02]} d4 {[%emt 0:00:05]} 12. a4 {[%emt 0:00:07]} Nbd7 {[%emt 0:00:05]} 13. Ndc4 {[%emt 0:00:08]} Bd6 {[%emt 0:00:02]} 14. Nxf7 {[%emt 0:00:15]} Rxf7 {[%emt 0:00:06]} 15. Nxd6 {[%emt 0:00:01]} Re7 {[%emt 0:00:08]} 16. Qc2 {[%emt 0:00:09]} Ne5 {[%emt 0:00:06]} 17. Qxc5 {[%emt 0:00:12]} Bd7 {[%emt 0:00:17]} 18. Nxb7 {[%emt 0:00:04]} Qf8 {[%emt 0:00:10]} 19. Bxd4 {[%emt 0:00:08]} Ng6 {[%emt 0:00:08]} 20. Rfe1 {[%emt 0:00:13]} Rc8 {[%emt 0:00:01]} 21. Qxa7 {[%emt 0:00:08]} Rc2 {[%emt 0:00:03]} 22. e4 {[%emt 0:00:31]} Ne5 {[%emt 0:00:08]} 23. Bxe5 {[%emt 0:00:02]} Rxe5 {[%emt 0:00:00]} 24. Qd4 {[%emt 0:00:02]} Re7 {[%emt 0:00:14]} 25. h3 {[%emt 0:00:02]} Bc6 {[%emt 0:00:04]} 26. Nc5 {[%emt 0:00:03]} Nd7 {[%emt 0:00:07]} 27. Nxd7 {[%emt 0:00:02]} Rxd7 {[%emt 0:00:00]} 28. Qe3 {[%emt 0:00:01]} Rxd3 {[%emt 0:00:03]} 29. Qf4 {[%emt 0:00:07]} Qe8 {[%emt 0:00:06]} 30. Rac1 {[%emt 0:00:02]} Rb2 {[%emt 0:00:06]} 31. Red1 {[%emt 0:00:03]} Rxd1+ {[%emt 0:00:09]} 32. Rxd1 {[%emt 0:00:01]} Rxb3 {[%emt 0:00:05]} 33. Qd6 {[%emt 0:00:02]} Bxa4 {[%emt 0:00:05]} 34. e5 {[%emt 0:00:02]} Rb8 {[%emt 0:00:03]} 35. e6 {[%emt 0:00:02]} Bxd1 {[%emt 0:00:01]} 36. Qxd1 {[%emt 0:00:02]} Rd8 {[%emt 0:00:04]} 37. Qf3 {[%emt 0:00:00]} Qxe6 {[%emt 0:00:05]} 38. Kh2 {[%emt 0:00:00]} Qd6 {[%emt 0:00:01]} 39. h4 {[%emt 0:00:00]} h6 {[%emt 0:00:01]} 40. Bh3 {[%emt 0:00:01]} Kh8 {[%emt 0:00:01]} 41. Bg4 {[%emt 0:00:01]} Qd5 {[%emt 0:00:01]} 42. h5 {[%emt 0:00:00]} Qxf3 {[%emt 0:00:01]} 43. Bxf3 {[%emt 0:00:01]} Rf8 {[%emt 0:00:00]} 44. Kg2 {[%emt 0:00:00]} Rf5 {[%emt 0:00:01]} 45. Bg4 {[%emt 0:00:00]} Rg5 {[%emt 0:00:01]} 46. Bf3 {[%emt 0:00:00]} g6 {[%emt 0:00:00]} 47. Be2 {[%emt 0:00:01]} gxh5 {[%emt 0:00:01]} 48. f4 {[%emt 0:00:01]} Re5 {[%emt 0:00:00]} 49. Kf3 {[%emt 0:00:01]} Rc5 {[%emt 0:00:01]} 50. Bd3 {[%emt 0:00:00]} Rc3 {[%emt 0:00:00]} 51. Ke3 {[%emt 0:00:01]} Ra3 {[%emt 0:00:00]} 52. Ke4 {[%emt 0:00:01]} h4 {[%emt 0:00:00]} 53. Bc4 {[%emt 0:00:00]} h3 {[%emt 0:00:00] Zeit (Lag: Av=0.44s, max=1.0s)} 0-1